000 00199 a2200097 4500
001 1224
100 _aCrouse, W.H
245 _aAutomotive mechanics
260 _a
_bMcgrawhill
_c
090 _c786
_d786
942 _aNUST-CAE
_cM
_c34555
999 _c236297
_d236297